|
|
|
|
| LEADER |
00000nam a2200000 a 4500 |
| 001 |
vtls008691249 |
| 003 |
SK-MaSNL |
| 005 |
20260301205500.0 |
| 008 |
240315s2005 xo ol f 000 0 slo |
| 015 |
|
|
|a SNBA2006/05-02886
|
| 020 |
|
|
|a 808040268X
|q (brož.)
|
| 035 |
|
|
|a 71A8C10E-E5A4-4AC5-98D8-08FA1E02B7C3
|
| 035 |
|
|
|a urn:nbn:sk:snk-aml08e
|
| 035 |
|
|
|a urn:nbn:sk:snk-am008ogt
|
| 040 |
|
|
|a SNK
|b slo
|c SNK
|e AACR2
|
| 041 |
0 |
|
|a slo
|
| 044 |
|
|
|a xo
|c SK
|
| 072 |
|
7 |
|a 355/359
|x Vojenstvo. Obrana krajiny. Ozbrojené sily
|2 konspekt
|
| 072 |
|
7 |
|a 005
|x Manažment. Riadenie
|2 konspekt
|
| 080 |
|
|
|a 355/359
|2 2001
|
| 080 |
|
|
|a 355.724
|2 2001
|
| 080 |
|
|
|a 005.52
|2 2001
|
| 080 |
|
|
|a (048.8)
|2 2001
|
| 100 |
1 |
|
|a Školník, Miroslav,
|d 1959-
|4 aut
|9 319188
|
| 245 |
1 |
0 |
|a Logistická podpora poľnej mobilnej mnohoprofilovej nemocnice
|c Miroslav Školník
|
| 250 |
|
|
|a 1. vyd.
|
| 260 |
|
|
|a Liptovský Mikuláš
|b Akadémia ozbrojených síl M. R. Štefánika
|c 2005
|
| 300 |
|
|
|a 114 s.
|b fotogr., sch., tab.
|c 20 cm
|
| 366 |
|
|
|e 70 výtl.
|
| 500 |
|
|
|a Fotogr. na tit. strane. Zozn. skrat. a symbolov
|
| 504 |
|
|
|a Bibliogr. s. 96-97
|
| 650 |
0 |
7 |
|a vojenstvo
|2 SNKPH
|9 22591
|
| 650 |
0 |
7 |
|a poľné nemocnice
|2 SNKPH
|9 84707
|
| 650 |
0 |
7 |
|a logistika (manažment)
|2 SNKPH
|9 3620
|
| 655 |
|
7 |
|a monografie
|2 SNKPH
|9 70139
|
| 919 |
|
|
|a 80-8040-268-X
|
| 958 |
|
|
|a OND
|
| 999 |
|
|
|c 910259
|d 912189
|
| 952 |
|
|
|a SNK
|b SNK
|y PREZ
|7 0
|p 17A0506125
|o snkSC 123357
|i snk2006/7759
|8 0
|0 0
|1 0
|4 0
|d 2006-04-18
|f 1
|l 0
|r 2025-06-04 00:00:00
|w 2026-02-24
|
| 952 |
|
|
|a SNK
|b SNK
|y VYP
|7 0
|p 17A0506126
|o snkSC 123357 D1
|i snk2006/7760
|8 0
|0 0
|1 0
|4 0
|d 2006-04-18
|l 0
|r 2026-02-24 07:41:21
|w 2026-02-24
|